000 00394cam a22001337a 4500
008 180718b1989 xxu||||| |||| 00| 0 eng d
082 _aBA27x515 P886
100 _aPrasad, R.R.
245 _aBhotia tribals of India: dynamics of economic transformation
_cby R.R. Prasad
260 _aNew Delhi
_bGian
_c1989
300 _a207p.
650 _aBhotia.
650 _aTribes and tribal system - Tibet
999 _c351704
_d351704